Deník malého poseroutky. Fakt smůla /
Další pokračování humorných deníkových zápisků Grega Heffleyho, kterému ujíždí půda pod nohama. Jeho nejlepší kamarád Rowley Jefferson se na něj vybodnul a najít si nové kamarády bude fakt fuška.
Uloženo v:
| Série: | Deník malého poseroutky,
část 8 |
|---|---|
| Hlavní autor: | |
| Další autoři: | , , |
| Médium: | E-audiokniha |
| Jazyk: | Czech |
| Vydáno: |
[Praha] :
Voxi,
[2021]
|
| Témata: | |
| Příbuzné jednotky: | Z cyklu::
Deník malého poseroutky |
| Tagy: |
Žádné tagy |
| LEADER | 02839nim a2200685 i 4500 | ||
|---|---|---|---|
| 001 | 313093 | ||
| 003 | CZ PrSKC | ||
| 005 | 20260601215735.0 | ||
| 007 | sd fungnnmmned | ||
| 008 | 210330p20212020xr nnnnj h n cze | ||
| 015 | |a cnb003314761 | ||
| 024 | 3 | |a 8594050431737 | |
| 040 | |a ABA001 |b cze |e rda | ||
| 041 | 1 | |d cze |h eng | |
| 072 | 7 | |a 821.111(73)-3 |x Americká próza |2 Konspekt | |
| 072 | 7 | |a 821-93 |x Literatura pro děti a mládež (beletrie) |2 Konspekt | |
| 080 | |a 821.111(73)-32 |2 MRF | ||
| 080 | |a (0:82-321.5) |2 MRF | ||
| 080 | |a (086.7.053.2) |2 MRF | ||
| 080 | |a (086.7)08 |2 MRF | ||
| 080 | |a (086.76) |2 MRF | ||
| 100 | 1 | |a Kinney, Jeff, |d 1971- |7 xx0093180 |4 aut | |
| 240 | 1 | 0 | |a Hard luck. |l Česky |7 aun20251278406 |
| 245 | 1 | 0 | |a Deník malého poseroutky. |p Fakt smůla / |c Jeff Kinney ; z angličtiny přeložila Veronika Volhejnová |
| 246 | 3 | 0 | |a Fakt smůla |
| 264 | 1 | |a [Praha] : |b Voxi, |c [2021] | |
| 264 | 4 | |c ©2021 | |
| 300 | |a 1 CD audio (75:25) ; |c 12 cm | ||
| 306 | |a 011525 | ||
| 336 | |a mluvené slovo |b spw |2 rdacontent | ||
| 337 | |a audio |b s |2 rdamedia | ||
| 338 | |a audiodisk |b sd |2 rdacarrier | ||
| 344 | |a digital |b optical |2 rda | ||
| 347 | |a audio soubor |b CD audio |2 rda | ||
| 500 | |a Název z disku | ||
| 500 | |a Copyright Albatros Media | ||
| 500 | |a Na pouzdře: 8 | ||
| 508 | |a Režie Jan Jiráň | ||
| 511 | 0 | |a Vypráví Václav Kopta | |
| 518 | |o Nahráno |d 2020 |p zvukové studio Professional Sound, Praha | ||
| 520 | 2 | |a Další pokračování humorných deníkových zápisků Grega Heffleyho, kterému ujíždí půda pod nohama. Jeho nejlepší kamarád Rowley Jefferson se na něj vybodnul a najít si nové kamarády bude fakt fuška. | |
| 655 | 7 | |a americké příběhy |7 fd131795 |2 czenas | |
| 655 | 7 | |a humoristické příběhy |7 fd132430 |2 czenas | |
| 655 | 7 | |a zvukové záznamy pro děti a mládež |7 fd186726 |2 czenas | |
| 655 | 7 | |a audioknihy |7 fd119452 |2 czenas | |
| 655 | 7 | |a kompaktní disky |7 fd201991 |2 czenas | |
| 700 | 1 | |a Volhejnová, Veronika, |d 1962- |7 jn20010309724 |4 trl | |
| 700 | 1 | |a Jiráň, Jan, |d 1957- |7 jn20000401255 |4 drt | |
| 700 | 1 | |a Kopta, Václav, |d 1965- |7 jo2002140130 |4 nrt | |
| 787 | 0 | 8 | |i Z cyklu: |t Deník malého poseroutky |g 8 |
| 900 | |a ABA001 |b 19 | ||
| 044 | |a xr | ||
| 505 | 0 | 0 | |t Kapitola-1 (16 min., 29 sek.) |
| 505 | 0 | 0 | |t Kapitola-2 (19 min., 4 sek.) |
| 505 | 0 | 0 | |t Kapitola-3 (8 min., 56 sek.) |
| 505 | 0 | 0 | |t Kapitola-4 (18 min., 4 sek.) |
| 505 | 0 | 0 | |t Kapitola-5 (12 min., 53 sek.) |
| 910 | |a RBIT002 | ||
| 998 | |d 354325 |a https://core.palmknihy.cz/api/books/354325/cover?sknqlq |b https://core.palmknihy.cz/api/books/354325/cover/400?sknqlq |c https://core.palmknihy.cz/api/books/354325/cover/50?sknqlq |e 2028-06-06 |i 8594050431737 |l 4560 |q 49 |r 1 |s https://www.palmknihy.cz/kniha/354325 |t audiobook |y 2021 |z 0 |v Deník malého poseroutky |w 8 | ||
| 999 | |d 313091 | ||